000 01162nam a2200241Ia 4500
003 GCL
008 140319s9999 xx 000 0 ara d
040 _aGCL /
_cGCL
082 0 4 _aم
_b953
_bو ت
100 1 _aابن الوردى: ابوحفص زين الدين عمر بن مظفر بن عمر بن محمد بن على
245 1 0 _aتاريخ ابن الوردى /
_cابن الوردى: ابوحفص زين الدين عمر بن مظفر بن عمر بن محمد بن على
250 _aالاولى
260 _aالقاهرة :
_bدار الكتب العلمية ،
_c1996
300 _aمتعدد ؛
_c24 سم
650 0 4 _aالاستعمار فى البلاد العربية
650 0 4 _aمصر - تاريخ - العصر الاسلامى
650 0 4 _aالعالم العربى - تاريخ
650 0 4 _aالعالم العربى - تاريخ - عصر المماليك
650 0 4 _aالعالم العربى - تاريخ - العصر العباسى
650 0 4 _aالعالم العربى - تاريخ - عصر صدر الاسلام
650 0 4 _aالعالم العربى - تاريخ - العصر الاموى
942 _2ddc
_cBK
999 _c5991
_d5991